000 01286nac a22003611i 4500
003 EG-ScBUE
005 20241128100213.0
006 m||||fq||h 00| 0
008 241128t2005 maua f b 001 0 eng d
020 _a0321263405 (pbk.)
020 _a9780321263407
020 _a0321241363 (CD-ROM)
040 _aEG-ScBUE
_beng
_erda
_cEG-ScBUE
_dEG-ScBUE
082 0 4 _a519.5
_bWEI
_222
100 1 _aWeiss, N. A.,
_eauthor.
245 1 0 _aIntroductory statistics /
_cNeil A. Weiss, Department of Mathematics and Statistics, Arizona State University, ; biographies by Carol A. Weiss.
250 _aSeventh edition.
250 _aInternational edition
264 1 _aBoston, Mass. :
_bPearson Addison Wesley,
_c[2005]
264 4 _cc2005
300 _a1 volume (various pagings) :
_billustrations (some color) ;
_c26 cm +
_e1 CD
336 _2rdacontent
_atext
_btxt
336 _2rdacontent
_asounds
_bsnd
337 _aunmediated
_2rdamedia
_bn
337 _aaudio
_2rdamedia
_bs
338 _avolume
_bnc
_2rdacarrier
338 _acomputer disc
_bcd
_2rdacarrier
504 _aIncludes bibliographical references and index.
650 7 _aStatistics.
_2BUEsh
650 7 _aStatistics
_vProblems, exercises, etc.
_2BUEsh
655 _vReading book
942 _cBB
_2ddc
999 _c1290
_d1290